00522nam a22001577a 4500020001900000040000900019082001200028100002900040110002600069245003800095260003500133650005600168942001200224999001900236952010900255 a 9786074371697 cNUST a747 HAR aHaro, Fernando De988979 aFuentes, Omar 988980 aInteriors: bPractical Atmosphere aMexico:bAM Publishers,c2011. a Interior decoration. Decoración interior.989393 2ddccBK c587829d587829 00102ddc4070aCEMEbCEMEcGENd2022-02-11o747 HAR (KIDS SEC)pCEME-50573r2022-02-11w2022-02-11yBK